Statistics for Divisions of Fiji on a Map

Click here to take the quiz!

General Stats

  • This quiz has been taken 227 times
  • The average score is 5 of 5

Answers on the Map

Answers color-coded by a green-red scale on the quiz's map according to % correct below.
 

Answer Stats

Division% Correct
Northern
98%
Western
98%
Eastern
97%
Central
92%
Rotuma
70%

Score Distribution

Percentile by Number Answered

Percent of People with Each Score

Your Score History

You have not taken this quiz